Su hijo adolescente: cómo comprenderlo y relacionarse con él

Saved in:
Bibliographic Details
Main Author: Davitz, Lois Leiderman (Author)
Format: Book
Language:Spanish
Published: Bogotá Norma 1989
Series:Hogar y Familia
Subjects:
Tags: Add Tag
No Tags, Be the first to tag this record!

MARC

LEADER 00000nam a2200000 a 4500
001 UCW7227
003 CL-VaPUC
008 920929e19890000CK |||||||||||||||||spa|d
082 0 4 |a 155.5  |b DAV  |2 21 
100 0 |a Davitz, Lois Leiderman  |e author  |9 312392 
245 1 0 |a Su hijo adolescente: cómo comprenderlo y relacionarse con él 
300 |a 218 p 
942 |c BK 
945 |d 19920929 00:00:00 
260 |a Bogotá  |b Norma  |c 1989 
650 0 |a Psicología del adolescente   |9 307864 
650 0 |a Adolescencia  |9 307361 
650 0 |a Aspectos psicológicos  |9 258128 
583 |a last modification  |c 20180514 09:04:49  |k Rodrigo Vera 
490 0 |a Hogar y Familia 
999 |c 220069  |d 220067 
952 |0 0  |1 0  |4 0  |6 155_500000000000000_DAV_1989  |7 0  |8 A  |9 211817  |a BIBEDU  |b BIBEDU  |d 2019-11-15  |i 2799715  |o 155.5 DAV 1989  |p 2799715  |r 2019-11-15  |w 2019-11-15  |y BK  |k EDU